000
00244nam a22001097a 4500
082
_a
741.642
100
_a
Harit , Vikash
_9
76865
245
_a
Indian Folk Tales
260
_a
Delhi
_b
Kumar Pub
_c
2019
650
_a
Children
_9
80413
942
_c
BK
999
_c
63782
_d
63782